[Event "10e Open de Saint-Chély d'Aubrac"]
[Site "Saint-Chély d'Aubrac"]
[Date "2010.07.13"]
[Round "5.28"]
[White "Souttre, Matthieu"]
[Black "Grange, Julien"]
[Result "1-0"]
[WhiteElo "1550"]
[BlackElo "1280"]
[PlyCount "63"]
[EventDate "2010.??.??"]

1. d4 d5 2. c4 e6 3. Nc3 Nf6 4. Bg5 Nbd7 5. e3 Bb4 6. Nge2 Nb6 7. c5 Bxc3+ 8.
Nxc3 Nbd7 9. Bd3 c6 10. O-O h6 11. Bh4 Qc7 12. Re1 O-O 13. e4 Qf4 14. Bg3 Qg5
15. h4 Qg4 16. Qxg4 Nxg4 17. e5 h5 18. Be2 b5 19. Bxg4 hxg4 20. Nd1 f5 21. exf6
Nxf6 22. Ne3 a5 23. Be5 b4 24. Bxf6 Rxf6 25. Nxg4 Rf4 26. Ne5 Rxd4 27. Nxc6 Rc4
28. Rec1 Rxh4 29. a3 Bb7 30. Ne5 Rc8 31. Ng6 bxa3 32. Rxa3 1-0

[Event "10e Open de Saint-Chély d'Aubrac"]
[Site "Saint-Chély d'Aubrac"]
[Date "2010.07.13"]
[Round "5.29"]
[White "Rota Graziosi, Fanny"]
[Black "Meyer, Bernard"]
[Result "0-1"]
[WhiteElo "1200"]
[BlackElo "1490"]
[PlyCount "74"]
[EventDate "2010.??.??"]

1. e4 e6 2. Nf3 d5 3. exd5 exd5 4. d4 Nf6 5. Nc3 c5 6. Bb5+ Nc6 7. Bg5 Be7 8.
Ne5 Bd7 9. Bxf6 Bxf6 10. Bxc6 Bxc6 11. Nxc6 bxc6 12. O-O cxd4 13. Ne2 c5 14. c3
dxc3 15. bxc3 O-O 16. Rc1 Rb8 17. Nf4 d4 18. Nh5 Bg5 19. Qg4 g6 20. Rce1 Kh8
21. Rd1 d3 22. Nf4 Bxf4 23. Qxf4 Rc8 24. Rd2 c4 25. Re1 Qa5 26. Re3 Qxc3 27. h3
Qxd2 28. a4 Qc1+ 29. Kh2 d2 30. Re4 d1=Q 31. Qh4 Qh1+ 32. Kg3 Qcg1 33. Qh6
Qgxg2+ 34. Kf4 Qxe4+ 35. Kg5 Qf5+ 36. Kh4 Qg1 37. f4 Qe1# 0-1

[Event "10e Open de Saint-Chély d'Aubrac"]
[Site "Saint-Chély d'Aubrac"]
[Date "2010.07.13"]
[Round "5.30"]
[White "Rateau, Cyprien"]
[Black "Rota Graziosi, Annael"]
[Result "1-0"]
[WhiteElo "1360"]
[BlackElo "1150"]
[PlyCount "79"]
[EventDate "2010.??.??"]

1. d4 d5 2. Nc3 Nf6 3. Bf4 Bf5 4. Nf3 Nc6 5. e3 e6 6. a3 Be7 7. Bb5 a6 8. Bxc6+
bxc6 9. Ne5 O-O 10. Nxc6 Qe8 11. Nxe7+ Qxe7 12. O-O Qd8 13. f3 Qb8 14. b3 Nd7
15. e4 Bg6 16. exd5 exd5 17. Nxd5 Qb7 18. Ne3 Nf6 19. Qd2 Nh5 20. Be5 f6 21.
Bg3 Nxg3 22. hxg3 Qc8 23. Nd5 Qd8 24. c4 Qd6 25. g4 Rab8 26. Rab1 c6 27. Nb4
Bxb1 28. Rxb1 a5 29. Nc2 a4 30. b4 Qe6 31. d5 cxd5 32. cxd5 Qd6 33. Ne3 Qd8 34.
d6 Qe8 35. Qd3 Rb6 36. Nc4 Rc6 37. b5 Rc8 38. d7 Qe6 39. dxc8=Q Rxc8 40. Qe4
1-0

[Event "10e Open de Saint-Chély d'Aubrac"]
[Site "Saint-Chély d'Aubrac"]
[Date "2010.07.13"]
[Round "5.31"]
[White "Barnicol, Georges"]
[Black "Grange, Gary"]
[Result "1-0"]
[WhiteElo "1320"]
[BlackElo "1190"]
[PlyCount "81"]
[EventDate "2010.??.??"]

1. e4 Nf6 2. Nc3 d5 3. exd5 Nxd5 4. Nxd5 Qxd5 5. Nf3 Nc6 6. c4 Qc5 7. d4 Qd6 8.
d5 Ne5 9. Nxe5 Qxe5+ 10. Be3 Qxb2 11. Be2 e5 12. O-O Qb4 13. Bg4 Bc5 14. Rb1
Qxc4 15. Bxc5 Bxg4 16. Rc1 Bxd1 17. Rxc4 Be2 18. Re4 Bxf1 19. Rxe5+ Kd8 20.
Kxf1 Re8 21. Rf5 f6 22. Rf3 Kd7 23. Rd3 Re5 24. Rg3 Rg8 25. Rd3 Rge8 26. Rd1 c6
27. dxc6+ Kxc6 28. Bxa7 b6 29. Rb1 Kb7 30. Bxb6 Ka6 31. Bc7 Re2 32. a4 g5 33.
Bb6 h5 34. Bd4 Ra2 35. Bxf6 Rxa4 36. Bxg5 Ra5 37. Be3 Ra2 38. Rb6+ Ka5 39. Rb1
Re4 40. Rb8 Rb4 41. Ra8+ 1-0

[Event "Saint-Chély d'Aubrac Op"]
[Site "Saint-Chély d'Aubrac (12)"]
[Date "2010.07.14"]
[Round "6.1"]
[White "Sanduleac, Vasile"]
[Black "Apicella, Manuel"]
[Result "1/2-1/2"]
[WhiteElo "2451"]
[BlackElo "2529"]
[PlyCount "23"]
[EventDate "2010.??.??"]

1. e4 e6 2. Qe2 Nc6 3. Nf3 e5 4. c3 Nf6 5. d4 d6 6. dxe5 dxe5 7. Qc2 a5 8. Bb5
Bc5 9. Bg5 O-O 10. Nbd2 h6 11. Bh4 Qe7 12. O-O 1/2-1/2

[Event "Saint-Chély d'Aubrac Op"]
[Site "Saint-Chély d'Aubrac (12)"]
[Date "2010.07.14"]
[Round "6.2"]
[White "Riff, Jean-Noel"]
[Black "Muheim, Sebastien"]
[Result "1-0"]
[WhiteElo "2500"]
[BlackElo "2112"]
[PlyCount "77"]
[EventDate "2010.??.??"]

1. e4 e6 2. d4 d5 3. Nc3 Bb4 4. Nge2 Nf6 5. e5 Ne4 6. a3 Nxc3 7. Nxc3 Bxc3+ 8.
bxc3 O-O 9. Bd3 f5 10. exf6 Qxf6 11. O-O c5 12. Be3 Nc6 13. f4 c4 14. Be2 b5
15. Qd2 a5 16. g4 Rb8 17. Bf3 g6 18. f5 gxf5 19. gxf5 Qxf5 20. Bh6 Rf7 21. Bg2
Qg6 22. Rxf7 Kxf7 23. Qf4+ Ke8 24. Rf1 Kd7 25. Bf8 Bb7 26. Qd6+ Kc8 27. Be7 Ba8
28. Rf8+ Kb7 29. Qd7+ Ka6 30. Rxb8 Nxb8 31. Qc8+ Bb7 32. Qxb8 Qxc2 33. h3 e5
34. Qd6+ Ka7 35. Qxe5 Qg6 36. Bc5+ Ka6 37. Qd6+ Qxd6 38. Bxd6 b4 39. axb4 1-0

[Event "Saint-Chély d'Aubrac Op"]
[Site "Saint-Chély d'Aubrac (12)"]
[Date "2010.07.14"]
[Round "6.3"]
[White "Pieri, Pierre-Louis"]
[Black "Mullon, Jean-Baptiste"]
[Result "0-1"]
[WhiteElo "1943"]
[BlackElo "2442"]
[PlyCount "46"]
[EventDate "2010.??.??"]

1. e4 c5 2. Nf3 d6 3. c3 Nf6 4. Be2 g6 5. O-O Bg7 6. Re1 O-O 7. Bf1 Nc6 8. h3
Nd7 9. d3 e5 10. a4 h6 11. Na3 f5 12. Nc4 Nf6 13. Ne3 f4 14. Nd5 g5 15. d4 cxd4
16. cxd4 Nxd5 17. exd5 Nxd4 18. Nxd4 exd4 19. b3 Be5 20. Ra2 Qf6 21. Rd2 f3 22.
Bb2 fxg2 23. Bxg2 Qf4 0-1

[Event "Saint-Chély d'Aubrac Op"]
[Site "Saint-Chély d'Aubrac (12)"]
[Date "2010.07.14"]
[Round "6.4"]
[White "Vincenti, Francois-Xavier"]
[Black "Villegas, Pierre"]
[Result "0-1"]
[WhiteElo "1848"]
[BlackElo "2244"]
[PlyCount "28"]
[EventDate "2010.??.??"]

1. e3 c5 2. d4 cxd4 3. exd4 d5 4. Bd3 Nc6 5. c3 Qc7 6. Qb3 Nxd4 7. Qxd5 e5 8.
Bf4 Nc6 9. Be3 Nf6 10. Qb3 Be6 11. Bc4 Nd4 12. cxd4 Bxc4 13. Qa4+ b5 14. Qd1
exd4 0-1

[Event "Saint-Chély d'Aubrac Op"]
[Site "Saint-Chély d'Aubrac (12)"]
[Date "2010.07.14"]
[Round "6.5"]
[White "Degraeve, Jean-Marc"]
[Black "Richard, Emma"]
[Result "1-0"]
[WhiteElo "2569"]
[BlackElo "2100"]
[PlyCount "73"]
[EventDate "2010.??.??"]

1. e4 c5 2. Nf3 Nc6 3. Nc3 e5 4. Bc4 Be7 5. d3 Nf6 6. Nd2 O-O 7. Nf1 d6 8. Ne3
Nd4 9. O-O a6 10. a3 b5 11. Ba2 Be6 12. Ncd5 Rb8 13. c3 Nc6 14. Qf3 Qd7 15. h3
b4 16. axb4 cxb4 17. Bc4 a5 18. Nxe7+ Nxe7 19. Rxa5 bxc3 20. bxc3 Bxc4 21. Nxc4
Ng6 22. Ba3 Ne8 23. Rd5 f5 24. Bxd6 fxe4 25. Qxe4 Nf6 26. Bxb8 Qb7 27. Qe2 Nf4
28. Qf3 N6xd5 29. Bxe5 Ng6 30. Qg3 Ndf4 31. Bxf4 Nxf4 32. Kh2 Qb3 33. Re1 Qxc3
34. Re3 Qc1 35. Ne5 Qf1 36. Nd7 Nh5 37. Qh4 1-0

[Event "Saint-Chély d'Aubrac Op"]
[Site "Saint-Chély d'Aubrac (12)"]
[Date "2010.07.14"]
[Round "6.6"]
[White "Nass, Emile"]
[Black "Massoni, Michael"]
[Result "1/2-1/2"]
[WhiteElo "2248"]
[BlackElo "2308"]
[PlyCount "124"]
[EventDate "2010.??.??"]

1. d4 Nf6 2. Nf3 g6 3. c4 Bg7 4. g3 O-O 5. Bg2 c6 6. O-O d5 7. cxd5 cxd5 8. Nc3
Nc6 9. Ne5 e6 10. Nxc6 bxc6 11. Na4 Nd7 12. b3 c5 13. Bb2 Ba6 14. Re1 Rc8 15.
Rc1 Bb5 16. dxc5 Bxb2 17. Nxb2 Qa5 18. Nd3 Bxd3 19. Qxd3 Rxc5 20. Qb1 Rfc8 21.
b4 Rxc1 22. bxa5 Rxb1 23. Rxb1 Rc7 24. f4 Nc5 25. Kf2 Kf8 26. g4 Ke7 27. Rb8
Kd6 28. g5 Rb7 29. Rh8 Rb5 30. Rxh7 Ke7 31. f5 exf5 32. Bxd5 Nd3+ 33. exd3 Rxd5
34. h4 Ke6 35. h5 gxh5 36. a6 Rxd3 37. Rxh5 Rd6 38. Ke3 Ke5 39. Rh6 Rg6 40. Kf3
Rxg5 41. Rc6 Rg6 42. Rc5+ Kd4 43. Ra5 Kc4 44. Kf4 Kb4 45. Rxf5 Rxa6 46. Rxf7
Rxa2 47. Ke3 a5 48. Kd3 a4 49. Rb7+ Ka3 50. Kc3 Rh2 51. Rb8 Ka2 52. Rb4 a3 53.
Rb8 Rh7 54. Kc2 Rc7+ 55. Kd2 Ka1 56. Kd1 Rh7 57. Kc1 Rh1+ 58. Kc2 Rh2+ 59. Kc1
Rb2 60. Ra8 a2 61. Ra7 Rb3 62. Rc7 Rb5 1/2-1/2

[Event "Saint-Chély d'Aubrac Op"]
[Site "Saint-Chély d'Aubrac (12)"]
[Date "2010.07.14"]
[Round "6.7"]
[White "Batteux, Mickael"]
[Black "Moingt, Jean-Claude"]
[Result "1/2-1/2"]
[WhiteElo "2003"]
[BlackElo "2290"]
[PlyCount "34"]
[EventDate "2010.??.??"]

1. d4 Nf6 2. Nf3 g6 3. Nc3 d5 4. Bf4 Bg7 5. e3 O-O 6. Be2 b6 7. Ne5 Bb7 8. h4
h6 9. g4 Nbd7 10. g5 hxg5 11. hxg5 Nh7 12. Nxd7 Qxd7 13. Bg4 e6 14. Qf3 f5 15.
gxf6 Nxf6 16. Qh3 Kf7 17. O-O-O Rfe8 1/2-1/2

[Event "Saint-Chély d'Aubrac Op"]
[Site "Saint-Chély d'Aubrac (12)"]
[Date "2010.07.14"]
[Round "6.8"]
[White "Saucey, Michel"]
[Black "Lavanchy, Marc-Henri"]
[Result "1-0"]
[WhiteElo "2306"]
[BlackElo "1912"]
[PlyCount "55"]
[EventDate "2010.??.??"]

1. d4 Nf6 2. c4 g6 3. Nc3 d5 4. Bg5 Ne4 5. Bh4 Nxc3 6. bxc3 Bg7 7. cxd5 Qxd5 8.
e3 c5 9. Nf3 cxd4 10. cxd4 Qa5+ 11. Qd2 Qxd2+ 12. Kxd2 Nc6 13. Rb1 b6 14. Bb5
Bd7 15. Rhc1 Na5 16. Rc7 Bxb5 17. Rxb5 f6 18. Rd5 Kf7 19. Rdd7 Rhe8 20. d5 a6
21. Nd4 Rad8 22. Rxd8 Rxd8 23. e4 Ke8 24. Ne6 Bh6+ 25. Kd3 Ra8 26. d6 Kf7 27.
Rxe7+ Kg8 28. d7 1-0

[Event "Saint-Chély d'Aubrac Op"]
[Site "Saint-Chély d'Aubrac (12)"]
[Date "2010.07.14"]
[Round "6.9"]
[White "Muller, Anne"]
[Black "Bigonnet, Jean-Michel"]
[Result "1-0"]
[WhiteElo "2184"]
[BlackElo "1925"]
[PlyCount "85"]
[EventDate "2010.??.??"]

1. e4 e5 2. Nf3 d6 3. d4 exd4 4. Nxd4 Nf6 5. Nc3 Be7 6. Bc4 O-O 7. O-O Re8 8.
Re1 c6 9. a4 a5 10. h3 Bf8 11. Bg5 Nbd7 12. Ba2 Nc5 13. Qf3 Be7 14. Rad1 Qc7
15. Bh4 Ncd7 16. Nf5 Ne5 17. Nxe7+ Qxe7 18. Qf4 Be6 19. Bxf6 gxf6 20. Qd2 Bxa2
21. Nxa2 Red8 22. Nc3 Kh8 23. Qf4 Rg8 24. Ne2 Rad8 25. Nd4 Ng6 26. Qe3 Qe5 27.
g3 Qh5 28. Kh2 Ne5 29. Kg2 Ng6 30. Kh2 Ne5 31. Qf4 Rg6 32. Kg2 Rh6 33. Rh1 Qg5
34. Qxg5 fxg5 35. Nf5 Re6 36. Rd4 c5 37. Rd5 Nc4 38. b3 Nb6 39. Rd2 d5 40. exd5
Rxd5 41. Rxd5 Nxd5 42. Rd1 Nb6 43. Rd8+ 1-0

[Event "Saint-Chély d'Aubrac Op"]
[Site "Saint-Chély d'Aubrac (12)"]
[Date "2010.07.14"]
[Round "6.10"]
[White "Messinger, Karl"]
[Black "Van Hoolandt, Patrick"]
[Result "0-1"]
[WhiteElo "1870"]
[BlackElo "2171"]
[PlyCount "50"]
[EventDate "2010.??.??"]

1. e4 e5 2. Nf3 Nc6 3. Bb5 Nf6 4. O-O Nxe4 5. d4 Nd6 6. dxe5 Nxb5 7. a4 d6 8.
e6 fxe6 9. axb5 Nb4 10. Nc3 a5 11. Re1 Be7 12. Nd4 O-O 13. Nxe6 Bxe6 14. Rxe6
Qd7 15. Re2 (15. Qe2 Bh4 16. g3 Bf6) 15... Qf5 16. Be3 Bf6 17. Rc1 Bxc3 18.
bxc3 Na2 19. Bd4 Nxc1 20. Qxc1 Rae8 21. Qe1 Qxb5 22. Re6 Qd7 23. Re3 a4 24. Qd2
Rxe3 25. fxe3 Qb5 0-1

[Event "Saint-Chély d'Aubrac Op"]
[Site "Saint-Chély d'Aubrac (12)"]
[Date "2010.07.14"]
[Round "6.11"]
[White "Lagunes, Jean-Renaud"]
[Black "Luciani, Thibault"]
[Result "1-0"]
[WhiteElo "2074"]
[BlackElo "1887"]
[PlyCount "71"]
[EventDate "2010.??.??"]

1. e4 c5 2. Nf3 Nc6 3. Bb5 g6 4. Bxc6 dxc6 5. h3 Bg7 6. Qe2 e5 7. a4 a5 8. Na3
b6 9. d3 Ne7 10. Nc4 Qc7 11. Bd2 O-O 12. Bc3 f6 13. h4 Be6 14. b3 b5 15. Ne3 f5
16. Ng5 Bd7 17. f3 h6 18. Nh3 fxe4 19. dxe4 Bxh3 20. Rxh3 Rfb8 21. Ng4 h5 22.
Nf2 c4 23. bxc4 bxa4 24. c5 Rb5 25. Qc4+ Kh7 26. Nd3 Rab8 27. Rxa4 Rb1+ 28. Ke2
Rg1 29. Kf2 Rd1 30. Rxa5 Rbb1 31. Qe6 Rf1+ 32. Ke2 Rg1 33. Rg3 Bh6 34. Qf7+ Bg7
35. Rxg6 Nd5 36. Rxg7+ 1-0

[Event "Saint-Chély d'Aubrac Op"]
[Site "Saint-Chély d'Aubrac (12)"]
[Date "2010.07.14"]
[Round "6.12"]
[White "Griggio, Jean-Paul"]
[Black "Duffau, Pascal"]
[Result "0-1"]
[WhiteElo "1788"]
[BlackElo "2034"]
[PlyCount "140"]
[EventDate "2010.??.??"]

1. c4 e6 2. Nf3 Nf6 3. Nc3 d5 4. d4 c6 5. b3 Nbd7 6. e3 Bd6 7. cxd5 exd5 8. Be2
O-O 9. O-O Re8 10. Bb2 Nf8 11. Qc2 Ng6 12. Rac1 Ne4 13. Na4 Qe7 14. Nc5 Bg4 15.
Nxe4 dxe4 16. Ne5 Bxe2 17. Nxg6 hxg6 18. Qxe2 Qh4 19. g3 Qh6 20. Rfd1 Rad8 21.
Rc2 g5 22. Rcd2 Qh3 23. Qf1 Qg4 24. Qe2 Qh3 25. Qf1 Qf5 26. Bc3 g4 27. d5 c5
28. Qb5 Qd7 29. Qxd7 Rxd7 30. Kg2 Be5 31. Bxe5 Rxe5 32. d6 f6 33. h4 gxh3+ 34.
Kxh3 Kf7 35. Kg2 Ke6 36. f4 exf3+ 37. Kxf3 Rh5 38. e4 Rh8 39. Rd5 b6 40. Kf4
Rhd8 41. e5 g5+ 42. Ke4 f5+ 43. Kf3 Rc8 44. g4 a6 45. gxf5+ Kxf5 46. e6+ Kxe6
47. Rxg5 Rc6 48. Kg4 Rdxd6 49. Rg6+ Ke7 50. Re1+ Re6 51. Rgxe6+ Rxe6 52. Rxe6+
Kxe6 53. Kf4 Kd5 54. Ke3 b5 55. Kd3 c4+ 56. Kc3 Kc5 57. a3 a5 58. bxc4 bxc4 59.
a4 Kd5 60. Kd2 Kd4 61. Kc2 c3 62. Kd1 Kc4 63. Kc2 Kb4 64. Kb1 Kxa4 65. Kc2 Kb4
66. Kb1 a4 67. Kc2 a3 68. Kb1 Kb3 69. Ka1 Kc2 70. Ka2 Kd1 0-1

[Event "Saint-Chély d'Aubrac Op"]
[Site "Saint-Chély d'Aubrac (12)"]
[Date "2010.07.14"]
[Round "6.13"]
[White "Geronimi, Pierre-Francois"]
[Black "Mourgues, Joelle"]
[Result "1-0"]
[WhiteElo "1974"]
[BlackElo "1797"]
[PlyCount "87"]
[EventDate "2010.??.??"]

1. e4 c5 2. Nf3 d6 3. d4 cxd4 4. Nxd4 a6 5. Nc3 Nf6 6. f3 g6 7. Be3 Bd7 8. Qd2
Bg7 9. O-O-O Nc6 10. Kb1 b5 11. h4 Ne5 12. Bh6 O-O 13. Bxg7 Kxg7 14. g4 h6 15.
Bd3 Qb6 16. Nce2 Nc4 17. Bxc4 bxc4 18. g5 Nh5 19. Nf4 Nxf4 20. Qxf4 h5 21. Qe3
Rab8 22. Qc3 Kh7 23. f4 Qb4 24. Qxb4 Rxb4 25. c3 Rb6 26. Rd2 Bg4 27. Rf1 e5 28.
Nc2 Rfb8 29. Ne3 Bh3 30. Rff2 exf4 31. Nxc4 Rc6 32. Nxd6 Rxc3 33. Rxf4 Be6 34.
Nxf7 Rc6 35. Rd6 Rxd6 36. Nxd6 Kg7 37. Rf6 Bg8 38. b3 a5 39. Kc2 a4 40. bxa4
Bxa2 41. a5 Bb3+ 42. Kc3 Bg8 43. a6 Rb3+ 44. Kd4 1-0

[Event "Saint-Chély d'Aubrac Op"]
[Site "Saint-Chély d'Aubrac (12)"]
[Date "2010.07.14"]
[Round "6.14"]
[White "Viennot, Dylan"]
[Black "Devoille, Hugo"]
[Result "1-0"]
[WhiteElo "1969"]
[BlackElo "1746"]
[PlyCount "33"]
[EventDate "2010.??.??"]

1. Nc3 c5 2. Nf3 e6 3. d4 cxd4 4. Nxd4 Nc6 5. Bf4 a6 6. e4 Bb4 7. Nxc6 bxc6 8.
Qd4 Bxc3+ 9. bxc3 Nf6 10. Bd6 Qa5 11. Bd3 Bb7 12. f3 Rc8 13. Rb1 c5 14. Qe5 Ba8
15. O-O h6 16. Rb2 Rg8 17. Rfb1 1-0

[Event "Saint-Chély d'Aubrac Op"]
[Site "Saint-Chély d'Aubrac (12)"]
[Date "2010.07.14"]
[Round "6.15"]
[White "Manser, Lucas"]
[Black "Husson, Cybele"]
[Result "0-1"]
[WhiteElo "1642"]
[BlackElo "2040"]
[PlyCount "80"]
[EventDate "2010.??.??"]

1. e4 Nf6 2. e5 Nd5 3. d4 d6 4. Nf3 dxe5 5. Nxe5 c6 6. c4 Nb4 7. Be3 Bf5 8. Bd3
Nxd3+ 9. Nxd3 e6 10. O-O Nd7 11. Nc3 Bd6 12. a3 O-O 13. Ne2 Qh4 14. Ng3 Nf6 15.
c5 Bc7 16. Ne5 Bxe5 17. dxe5 Ng4 18. h3 Nxe3 19. fxe3 Qxg3 20. Qf3 Qxf3 21.
Rxf3 Rad8 22. Rf2 Rd3 23. Re2 Be4 24. b4 Rfd8 25. a4 Rd1+ 26. Rxd1 Rxd1+ 27.
Kf2 Kf8 28. b5 Ke7 29. b6 axb6 30. cxb6 Ra1 31. g4 Rxa4 32. Rb2 Bd5 33. g5 Ra2
34. Rxa2 Bxa2 35. Ke2 f6 36. exf6+ gxf6 37. h4 fxg5 38. hxg5 Kd6 39. e4 Ke5 40.
Ke3 Bb1 0-1

[Event "Saint-Chély d'Aubrac Op"]
[Site "Saint-Chély d'Aubrac (12)"]
[Date "2010.07.14"]
[Round "6.16"]
[White "Carno, Matthias"]
[Black "Tassetti, Florent"]
[Result "1-0"]
[WhiteElo "1925"]
[BlackElo "1676"]
[PlyCount "55"]
[EventDate "2010.??.??"]

1. e4 e5 2. Nf3 Nc6 3. Bb5 a6 4. Bxc6 dxc6 5. d4 exd4 6. Qxd4 Bg4 7. Qxd8+ Rxd8
8. Be3 Nf6 9. Nbd2 g6 10. Bg5 Be7 11. Bh6 Bxf3 12. gxf3 Bf8 13. Bxf8 Kxf8 14.
O-O-O b5 15. Nb3 Kg7 16. Nc5 a5 17. Nb7 Ra8 18. Rd2 Rhb8 19. Nc5 b4 20. b3 Rb5
21. Nd3 a4 22. Rhd1 Kf8 23. Nf4 axb3 24. cxb3 Rc5+ 25. Kb1 Nh5 26. Nd3 Rb5 27.
Rc2 c5 28. Nxc5 1-0

[Event "Saint-Chély d'Aubrac Op"]
[Site "Saint-Chély d'Aubrac (12)"]
[Date "2010.07.14"]
[Round "6.17"]
[White "Huin, Eric"]
[Black "Ferrer, Lauriane"]
[Result "1-0"]
[WhiteElo "1887"]
[BlackElo "1650"]
[PlyCount "47"]
[EventDate "2010.??.??"]

1. e4 c5 2. Nc3 d6 3. Bc4 e6 4. d3 a6 5. a4 Nf6 6. Bg5 Be7 7. f4 Nc6 8. Nge2
O-O 9. O-O b6 10. Ng3 Bb7 11. Bxf6 Bxf6 12. Kh1 Re8 13. f5 Bg5 14. fxe6 fxe6
15. Qg4 Nd4 16. Nf5 d5 17. Nxd4 cxd4 18. exd5 dxc3 19. dxe6 Kh8 20. bxc3 Bc8
21. Rf7 Bf6 22. Rf1 Rg8 23. Qe4 Rb8 24. R1xf6 1-0

[Event "Saint-Chély d'Aubrac Op"]
[Site "Saint-Chély d'Aubrac (12)"]
[Date "2010.07.14"]
[Round "6.18"]
[White "Saucey, Capucine"]
[Black "Kirchhoff, Matthieu"]
[Result "1-0"]
[WhiteElo "1828"]
[BlackElo "1581"]
[PlyCount "97"]
[EventDate "2010.??.??"]

1. e4 c5 2. Nf3 Nc6 3. d4 cxd4 4. Nxd4 e5 5. Nb5 d6 6. N1c3 a6 7. Na3 b5 8. Nd5
Nge7 9. Be3 Rb8 10. c4 b4 11. Nc2 a5 12. Be2 Nxd5 13. cxd5 Ne7 14. O-O f5 15.
f3 f4 16. Bf2 Ng6 17. Rc1 Bd7 18. Ne1 Be7 19. Nd3 O-O 20. b3 Bh4 21. Nb2 Bxf2+
22. Rxf2 Rc8 23. Bc4 Qb6 24. Kf1 Rc7 25. Rfc2 Rfc8 26. Qe2 h6 27. Qf2 Qxf2+ 28.
Kxf2 Kh7 29. Bd3 Rxc2+ 30. Rxc2 Rxc2+ 31. Bxc2 Bb5 32. Bd3 Bd7 33. Ke2 Ne7 34.
Nc4 Nc8 35. Nxa5 g5 36. Ba6 Na7 37. Kd3 g4 38. Kc4 gxf3 39. gxf3 Bh3 40. Kxb4
Bg2 41. Be2 Kg6 42. Nc6 Nc8 43. a4 Kh5 44. a5 Kh4 45. Kc3 Kh3 46. Ba6 Bxf3 47.
Bxc8+ Kxh2 48. a6 Bxe4 49. a7 1-0

[Event "Saint-Chély d'Aubrac Op"]
[Site "Saint-Chély d'Aubrac (12)"]
[Date "2010.07.14"]
[Round "6.19"]
[White "Guerry, Emilien"]
[Black "Herrero, Alain"]
[Result "0-1"]
[WhiteElo "1650"]
[BlackElo "1762"]
[PlyCount "68"]
[EventDate "2010.??.??"]

1. e4 c5 2. Nf3 Nc6 3. d4 cxd4 4. Nxd4 g6 5. Nc3 Bg7 6. Be3 Nf6 7. Be2 O-O 8.
O-O d5 9. exd5 Nxd5 10. Nxd5 Qxd5 11. Bf3 Qc4 12. Nxc6 bxc6 13. c3 Bf5 14. Re1
Rab8 15. Qe2 Bd3 16. Qd2 a5 17. Rac1 a4 18. Red1 Be4 19. Bxe4 Qxe4 20. Re1 Qd5
21. Qxd5 cxd5 22. Rc2 e6 23. Bf4 Rb7 24. Be5 Bxe5 25. Rxe5 Rfb8 26. Ree2 Kf8
27. Kf1 Ke7 28. Ke1 Kd6 29. Kd1 e5 30. Kc1 f5 31. Re3 f4 32. Rf3 g5 33. Rh3 Re8
34. Rh6+ Re6 0-1

[Event "Saint-Chély d'Aubrac Op"]
[Site "Saint-Chély d'Aubrac (12)"]
[Date "2010.07.14"]
[Round "6.20"]
[White "Balducchi, Francois"]
[Black "Joyeux, Gerard"]
[Result "0-1"]
[WhiteElo "1721"]
[BlackElo "1657"]
[PlyCount "128"]
[EventDate "2010.??.??"]

1. e4 c5 2. Nf3 Nc6 3. Bb5 Qb6 4. Bxc6 Qxc6 5. d3 d6 6. O-O Bg4 7. h3 Bh5 8.
Re1 h6 9. c3 Bg6 10. e5 e6 11. Bf4 d5 12. c4 d4 13. Na3 a6 14. Nc2 Ne7 15. b4
b6 16. bxc5 bxc5 17. Rb1 Nc8 18. Qd2 Be7 19. Rb2 O-O 20. Reb1 Bd8 21. Qe2 Ne7
22. Rb7 Nc8 23. R7b2 Ne7 24. Nce1 Bc7 25. Nh2 Bf5 26. g4 Bh7 27. Qf3 Qe8 28.
Rb7 Qd8 29. g5 h5 30. Qxh5 Ng6 31. Bg3 Bxe5 32. Bxe5 Nxe5 33. g6 Nxg6 34. Qxc5
Nf4 35. Qa3 Qg5+ 36. Ng4 Nxh3+ 37. Kh2 Qxg4 38. f3 Qh5 39. Qd6 Bf5 40. Ng2 Ng5+
41. Kg1 Nxf3+ 42. Kf2 Ng5 43. Qg3 Nh7 44. Nf4 Qg4 45. Qxg4 Bxg4 46. Rg1 Bf5 47.
Nh5 g6 48. Ke2 Rab8 49. Ra7 Rb2+ 50. Kf3 Rxa2 51. Nf4 Ra3 52. Rd1 e5 53. Nd5
Ng5+ 54. Kf2 Bxd3 55. c5 Ne4+ 56. Kg1 Nxc5 57. Nb4 Bb5 58. Nd5 Rh3 59. Rc7 Ne6
60. Ra7 Kg7 61. Kg2 Rfh8 62. Kf2 Rh2+ 63. Kg3 R8h3+ 64. Kg4 Be2# 0-1

[Event "Saint-Chély d'Aubrac Op"]
[Site "Saint-Chély d'Aubrac (12)"]
[Date "2010.07.14"]
[Round "6.21"]
[White "Marie, Olivier"]
[Black "Grange, Laurent"]
[Result "1-0"]
[WhiteElo "1710"]
[BlackElo "1513"]
[PlyCount "69"]
[EventDate "2010.??.??"]

1. e4 c6 2. c4 e6 3. Nc3 Ne7 4. Qf3 Qa5 5. Nge2 d5 6. Ng3 d4 7. Nd1 e5 8. Be2
Ng6 9. O-O Be6 10. d3 Nd7 11. Nf5 f6 12. g3 b5 13. Qg4 Bxf5 14. exf5 Ne7 15.
Qh5+ Kd8 16. f4 bxc4 17. fxe5 cxd3 18. Bxd3 Nxe5 19. Be4 Nc8 20. Qe2 Bd6 21.
Nf2 Qc7 22. Kh1 g6 23. Ng4 Ne7 24. Nxf6 gxf5 25. Bxf5 Rf8 26. Bh3 Rb8 27. Bh6
d3 28. Qe4 Rxb2 29. Bxf8 Qa5 30. Qxh7 Qd2 31. Bxe7+ Kc7 32. Bxd6+ Kb6 33. Bc7+
Kb5 34. a4+ Kc5 35. Ne4+ 1-0

[Event "Saint-Chély d'Aubrac Op"]
[Site "Saint-Chély d'Aubrac (12)"]
[Date "2010.07.14"]
[Round "6.22"]
[White "Moulie, Patrick"]
[Black "Hug, Timothee"]
[Result "0-1"]
[WhiteElo "1639"]
[BlackElo "1691"]
[PlyCount "112"]
[EventDate "2010.??.??"]

1. e4 c5 2. Nc3 g6 3. f4 d6 4. Bb5+ Bd7 5. Qe2 Bg7 6. Nf3 a6 7. Bxd7+ Nxd7 8.
d3 e6 9. Bd2 Ne7 10. O-O O-O 11. Rab1 Re8 12. g4 d5 13. e5 Qc7 14. Nd1 Nc6 15.
c3 f6 16. exf6 Nxf6 17. h3 e5 18. Qh2 e4 19. dxe4 Nxe4 20. Be1 Rad8 21. Nf2
Nxf2 22. Bxf2 Re2 23. Rfe1 Rde8 24. Qg3 d4 25. cxd4 Nxd4 26. Nxd4 Bxd4 27. Bxd4
cxd4 28. Rxe2 Rxe2 29. Qd3 Rxb2 30. Rf1 Qc2 31. Qxc2 Rxc2 32. Rd1 Rxa2 33. Rxd4
Re2 34. Rd8+ Kf7 35. h4 b5 36. Ra8 Re4 37. Rxa6 Rxf4 38. Kh2 Rxg4 39. Kh3 Rc4
40. Rb6 b4 41. Kg3 Kg7 42. Rb7+ Kh6 43. h5 Kxh5 44. Rxh7+ Kg5 45. Rb7 Rc3+ 46.
Kf2 b3 47. Ke2 Rh3 48. Kd1 Rh1+ 49. Kd2 Rh2+ 50. Kc1 b2+ 51. Kb1 Rf2 52. Rb5+
Kh4 53. Rb8 g5 54. Rh8+ Kg3 55. Rb8 g4 56. Rb3+ Kg2 0-1

[Event "Saint-Chély d'Aubrac Op"]
[Site "Saint-Chély d'Aubrac (12)"]
[Date "2010.07.14"]
[Round "6.23"]
[White "Grange, Romain"]
[Black "Souttre, Matthieu"]
[Result "1-0"]
[WhiteElo "1690"]
[BlackElo "1550"]
[PlyCount "168"]
[EventDate "2010.??.??"]

1. c4 e5 2. Nc3 Nf6 3. Nf3 Nc6 4. g3 Bb4 5. Bg2 d6 6. O-O Be6 7. d3 O-O 8. Bg5
h6 9. Bd2 Qd7 10. Re1 Rfe8 11. a3 Bxc3 12. Bxc3 Bh3 13. Bh1 Qg4 14. e3 Rad8 15.
Nd2 Qxd1 16. Raxd1 Bg4 17. Rc1 Rd7 18. Nb3 Nd8 19. f4 Rde7 20. fxe5 dxe5 21.
Bb4 Re6 22. Rc3 b6 23. Rc2 c5 24. Bc3 Rd6 25. Rd2 Bf5 26. Nc1 a6 27. b4 Re7 28.
Bg2 Nh7 29. a4 f6 30. a5 bxa5 31. bxc5 Rde6 32. Bd5 a4 33. Bxe6+ Rxe6 34. Ra2
Ng5 35. Rf1 Bh3 36. Rff2 Bg4 37. Rfb2 Bd1 38. Rb8 Ngf7 39. Ba5 Re8 40. Bxd8
Rxd8 41. Rxd8+ Nxd8 42. Kf2 Ne6 43. Ke1 Bb3 44. Nxb3 axb3 45. Rxa6 Nxc5 46. Rb6
Nxd3+ 47. Kd2 Nc5 48. Kc1 Kf7 49. Rb5 Nd3+ 50. Kd2 Nb2 51. Rxb3 Nxc4+ 52. Kd3
Nd6 53. e4 Kg6 54. Rb6 Nf7 55. Ke3 Ng5 56. g4 h5 57. h4 Nh7 58. g5 Nf8 59. Rd6
Nh7 60. Kf3 Kf7 61. gxf6 gxf6 62. Rd7+ Kg6 63. Ke3 Nf8 64. Re7 Nh7 65. Kd3 Nf8
66. Kc4 Nh7 67. Kc5 Nf8 68. Kd5 Nh7 69. Kd6 Nf8 70. Rc7 Nh7 71. Re7 Nf8 72. Kc7
Nh7 73. Kd8 Nf8 74. Ke8 Nh7 75. Rf7 Ng5 76. hxg5 Kxg5 77. Ke7 Kf4 78. Rxf6+
Kxe4 79. Ke6 Kd4 80. Kf5 e4 81. Kf4 h4 82. Rd6+ Kc3 83. Kxe4 h3 84. Rh6 h2 1-0